| 000 | 00619pam a2200193 a 4500 | ||
|---|---|---|---|
| 020 | _a0875185606 | ||
| 040 | _cDLC | ||
| 082 | 0 | 0 | _a599 DIL 1993 A057 Or. |
| 100 | 1 | _aSamuelson, Mary Lou. | |
| 245 | 1 | 4 | _aThe coyote / |
| 250 | _a1st ed. | ||
| 260 |
_aNew York : _bDillon Press ; _aToronto : _bMaxwell Macmillan Canada ; _aNew York : _bMaxwell Macmillan International, _cc1993. |
||
| 300 |
_a60 p. : _bcol. ill. ; _c23 cm. |
||
| 520 | _aDescribes the physical characteristics, habitat, life cycle, and history of the coyote. | ||
| 650 | 0 | _aCoyote | |
| 650 | 1 | _aCoyote. | |
| 700 | 1 | _aSchlaepfer, Gloria G. | |
| 942 | _cEK | ||
| 999 |
_c14040 _d14040 |
||